Bullet For My Valentine Songs - Statistics

General Stats
  • This quiz has been taken 193 times
    191 since last reset
  • The average score is 27 of 82
Answer Stats
Album Song % Correct
The Poison Tears Don't Fall
89%
Scream Aim Fire Scream Aim Fire
83%
The Poison The Poison
78%
Temper Temper Temper Temper
71%
Scream Aim Fire Waking the Demon
68%
Fever Your Betrayal
68%
Venom V
66%
The Poison 4 Words
63%
Fever Fever
63%
The Poison All these Things I Hate
62%
The Poison Intro
62%
Venom Venom
60%
The Poison Room 409
57%
The Poison Hand Of Blood
56%
The Poison Suffocating under words of Sorrow (what can i do)
55%
The Poison The End
55%
Gravity Gravity
53%
The Poison Her Voice Resides
52%
The Poison Hit The Floor
49%
The Poison 10 Years Today
48%
Fever Bittersweet Memories
46%
Bullet for My Valentine Knives
45%
Temper Temper Tears Don't Fall Part 2
44%
Venom You Want a Batttle
44%
The Poison Cries in Vain
41%
Scream Aim Fire Eye of the Storm
41%
Bullet for My Valentine Parasite
39%
Fever Alone
37%
Bullet for My Valentine Shatter
35%
Venom No Way Out
33%
Temper Temper P.O.W
33%
Scream Aim Fire Deliver Us from Evil
32%
Fever Pretty on the Outside
32%
Scream Aim Fire Say Goodnight
32%
Scream Aim Fire Disappear
31%
Gravity Don't need you
31%
Temper Temper Riot
31%
Scream Aim Fire Take it out on Me
31%
Venom Army Of Noise
30%
Venom Worthless
30%
Fever A Place where you belong
28%
Gravity Over it
28%
Scream Aim Fire Forever and always
27%
Scream Aim Fire Heart Burst into Fire
27%
Gravity Leap of Faith
27%
Fever Pleasure and Pain
27%
Fever Breaking Out, Breaking Down
26%
Fever Dignity
24%
Scream Aim Fire End of Days
24%
Scream Aim Fire Last To Know
24%
Venom Raising Hell
24%
Temper Temper Breaking Point
23%
Gravity Letting you go
23%
Gravity Piece of me
23%
Bullet for My Valentine Death By A Thousand Cuts
22%
Temper Temper Leech
21%
Fever Begging for Mercy
20%
Gravity Coma
18%
Gravity Not dead yet
17%
Bullet for My Valentine Paralysed
17%
Venom Playing God
17%
Gravity Breathe Underwater
16%
Bullet for My Valentine Can't Escape The Waves
16%
Venom Hell or high water
16%
Venom Skin
16%
Bullet for My Valentine Bastards
15%
Venom Broken
15%
Temper Temper Dirty Little Secret
15%
Temper Temper Dead to the World
14%
Venom The Harder the Heart
14%
Temper Temper Truth Hurts
14%
Temper Temper Livin' Life
13%
Bullet for My Valentine No Happy Ever After
13%
Gravity the very last time
13%
Temper Temper Not Invincible
12%
Gravity Under Again
11%
Venom Run For your Life
10%
Venom In loving memory
9%
Venom Paraih
7%
Bullet for My Valentine Rainbow Vains
7%
Temper Temper Saint & Sinners
3%
Bullet for My Valentine My Reveire
2%
No matching quizzes found
Score Distribution
Percent of People with Each Score
Percentile by Number Answered
Your Score History
You have not taken this quiz since the last reset